[Event "CCM8 - 15. ORDIX Open"]
[Site "Mainz"]
[Date "2008.??.??"]
[Round "6"]
[White "Szabo, Krisztian"]
[Black "Kasimdzhanov, Rustam"]
[Result "1/2-1/2"]
[WhiteElo "2524"]
[BlackElo "2679"]
[PlyCount "54"]
[EventDate "2008.??.??"]
[EventType "rapid"]
[EventRounds "11"]
[EventCountry "GER"]
[Source "Mike Rosa"]
[SourceDate "2009.01.01"]

1. e4 e5 2. Nf3 Nc6 3. Bb5 a6 4. Ba4 Nf6 5. O-O Be7 6. Re1 b5 7. Bb3 O-O 8. c3
d6 9. h3 Re8 10. d4 Bb7 11. Nbd2 Bf8 12. a3 h6 13. Bc2 Qd7 14. b3 d5 15. dxe5
Nxe5 16. Nxe5 Rxe5 17. Nf3 Rxe4 18. Bxe4 dxe4 19. Qxd7 Nxd7 20. Nd4 Ne5 21. Be3
Nd3 22. Re2 c5 23. Nf5 h5 24. a4 Re8 25. axb5 axb5 26. c4 b4 27. Ra7 Bc6
1/2-1/2

[Event "CCM8 - 15. ORDIX Open"]
[Site "Mainz"]
[Date "2008.??.??"]
[Round "7"]
[White "Arutinian, David"]
[Black "Almasi, Zoltan"]
[Result "1/2-1/2"]
[WhiteElo "2586"]
[BlackElo "2675"]
[PlyCount "83"]
[EventDate "2008.??.??"]
[EventType "rapid"]
[EventRounds "11"]
[EventCountry "GER"]
[Source "Mike Rosa"]
[SourceDate "2009.01.01"]

1. d4 Nf6 2. c4 e6 3. Nf3 b6 4. e3 Bb7 5. Nc3 Be7 6. Bd3 d5 7. cxd5 exd5 8. O-O
O-O 9. b3 Nbd7 10. Bb2 Re8 11. Rc1 a6 12. Ne2 Bd6 13. Qc2 Ne4 14. Ng3 Qf6 15.
Ne5 Nxe5 16. dxe5 Bxe5 17. Bxe5 Rxe5 18. Bxe4 dxe4 19. Qxc7 Re7 20. Qc2 g6 21.
Rfd1 Rc8 22. Qd2 Rec7 23. Ne2 a5 24. Rxc7 Rxc7 25. Rc1 Rxc1+ 26. Qxc1 Qd6 27.
h3 Ba6 28. Nd4 h5 29. Qc2 Bd3 30. Qc8+ Kh7 31. Qe8 Kg7 32. h4 Qc7 33. a4 Qc1+
34. Kh2 Qc7+ 35. Kg1 Qc1+ 36. Kh2 Qc7+ 37. g3 Qd6 38. Kg2 Qc7 39. Nc6 Qd6 40.
Nd4 Qc7 41. Nc6 Qd6 42. Nd4 1/2-1/2

[Event "CCM8 - 15. ORDIX Open"]
[Site "Mainz"]
[Date "2008.??.??"]
[Round "7"]
[White "Eljanov, Pavel"]
[Black "Vaganjan, Rafael"]
[Result "1-0"]
[WhiteElo "2716"]
[BlackElo "2610"]
[PlyCount "81"]
[EventDate "2008.??.??"]
[EventType "rapid"]
[EventRounds "11"]
[EventCountry "GER"]
[Source "Mike Rosa"]
[SourceDate "2009.01.01"]

1. d4 e6 2. c4 f5 3. g3 Nf6 4. Bg2 d5 5. Nh3 c6 6. O-O Be7 7. Nd2 O-O 8. Qc2
Ne4 9. Nf4 Bd6 10. Nf3 Qe7 11. Nd3 b6 12. Bf4 Bxf4 13. Nxf4 Bb7 14. Ne5 Nd7 15.
Nxd7 Qxd7 16. Rfd1 Qe7 17. e3 Rfd8 18. Rac1 Rac8 19. Qa4 Ba8 20. cxd5 exd5 21.
b4 Nd6 22. Qb3 g5 23. Nd3 Nc4 24. a4 Kg7 25. Re1 Re8 26. Re2 Qf6 27. Rce1 Rc7
28. f4 gxf4 29. Nxf4 Kh8 30. b5 Qd6 31. Qd3 Rce7 32. Qxf5 Bb7 33. e4 Bc8 34.
Qh5 dxe4 35. bxc6 Qxd4+ 36. Kh1 Qg7 37. Rxe4 Rxe4 38. Qxe8+ Rxe8 39. Rxe8+ Qg8
40. Rxg8+ Kxg8 41. Bd5+ 1-0

[Event "CCM8 - 15. ORDIX Open"]
[Site "Mainz"]
[Date "2008.??.??"]
[Round "7"]
[White "Horvath, Adam"]
[Black "Potkin, Vladimir"]
[Result "1-0"]
[WhiteElo "2513"]
[BlackElo "2636"]
[PlyCount "149"]
[EventDate "2008.??.??"]
[EventType "rapid"]
[EventRounds "11"]
[EventCountry "GER"]
[Source "Mike Rosa"]
[SourceDate "2009.01.01"]

1. e4 c5 2. Nf3 e6 3. d4 cxd4 4. Nxd4 Nc6 5. Nc3 Qc7 6. Be2 Nf6 7. O-O Be7 8.
Be3 O-O 9. f4 d6 10. Qe1 Nxd4 11. Bxd4 e5 12. Be3 Bd7 13. Kh1 Bc6 14. Bd3 b5
15. Rd1 b4 16. Nd5 Bxd5 17. exd5 e4 18. Bb5 Qxc2 19. Qxb4 Rab8 20. Bxa7 Rb7 21.
Bg1 Ng4 22. Rc1 Qd3 23. Bxd3 Rxb4 24. Be2 Nf6 25. b3 Nxd5 26. Bc4 Nf6 27. Rfd1
Ra8 28. a4 d5 29. Bxd5 Nxd5 30. Rxd5 Rxb3 31. Re5 Ba3 32. Re1 f5 33. Rxf5 Rxa4
34. Re5 Bd6 35. R5xe4 Rxe4 36. Rxe4 Rb1 37. Rc4 Kf7 38. g3 Rb2 39. Bd4 Rd2 40.
Ra4 g6 41. Ra7+ Ke6 42. Be3 Re2 43. Bg1 h5 44. Ra6 Rc2 45. Ra5 Be7 46. Re5+ Kf7
47. Be3 Re2 48. Kg1 Bd6 49. Rd5 Rxe3 50. Rxd6 Re2 51. Ra6 Rb2 52. Ra3 Kf6 53.
Rf3 Kf5 54. Rf2 Rb4 55. Kg2 h4 56. Kh3 hxg3 57. hxg3 Rb3 58. Ra2 Rc3 59. Ra6
Rb3 60. Kh4 Rb1 61. g4+ Kxf4 62. Rf6+ Ke5 63. Kg5 Rg1 64. Rxg6 Rg2 65. Ra6 Rg1
66. Kh5 Kf4 67. Rf6+ Ke5 68. g5 Ra1 69. Kg6 Ra7 70. Rf7 Ra8 71. Kg7 Ke6 72. g6
Rb8 73. Rf1 Rb7+ 74. Kh8 Rb8+ 75. Kh7 1-0

[Event "CCM8 - 15. ORDIX Open"]
[Site "Mainz"]
[Date "2008.??.??"]
[Round "7"]
[White "Kasimdzhanov, Rustam"]
[Black "Jaracz, Pawel"]
[Result "1-0"]
[WhiteElo "2679"]
[BlackElo "2501"]
[PlyCount "89"]
[EventDate "2008.??.??"]
[EventType "rapid"]
[EventRounds "11"]
[EventCountry "GER"]
[Source "Mike Rosa"]
[SourceDate "2009.01.01"]

1. d4 Nf6 2. c4 e6 3. Nf3 b6 4. g3 Bb4+ 5. Nbd2 Bb7 6. Bg2 Be7 7. O-O O-O 8.
Qc2 d5 9. cxd5 Nxd5 10. a3 c5 11. dxc5 Bxc5 12. Ne4 Be7 13. Nfg5 g6 14. Nf3 Nd7
15. Bh6 Re8 16. Rfd1 Rc8 17. Qa4 Bc6 18. Qd4 f6 19. b4 Bf8 20. Bxf8 Nxf8 21.
Qb2 Kg7 22. g4 h6 23. h4 Qe7 24. g5 Nh7 25. gxf6+ Nhxf6 26. Qe5 Rcd8 27. Rac1
Ba4 28. Rd4 Rd7 29. Ng3 Kh7 30. Bh3 Rc7 31. Rdc4 Rxc4 32. Rxc4 Nd7 33. Qe4 N7f6
34. Qb1 Bb5 35. Ne5 Rg8 36. Rc1 Nf4 37. Bf1 h5 38. Qc2 N4d5 39. Nf3 Qd6 40. Qd2
Qf4 41. Ng5+ Kh6 42. Qxf4 Nxf4 43. Rc7 a5 44. Nf7+ Kg7 45. Nd6+ 1-0

[Event "CCM8 - 15. ORDIX Open"]
[Site "Mainz"]
[Date "2008.??.??"]
[Round "7"]
[White "Kosteniuk, Alexandra"]
[Black "Nepomniachtchi, Ian"]
[Result "0-1"]
[WhiteElo "2510"]
[BlackElo "2602"]
[PlyCount "104"]
[EventDate "2008.??.??"]
[EventType "rapid"]
[EventRounds "11"]
[EventCountry "GER"]
[Source "Mike Rosa"]
[SourceDate "2009.01.01"]

1. e4 e6 2. d4 d5 3. Nd2 Be7 4. Bd3 c5 5. Ngf3 Nf6 6. dxc5 Nc6 7. O-O Nb4 8.
Bb5+ Bd7 9. Bxd7+ Qxd7 10. e5 Ne4 11. Nxe4 dxe4 12. Qxd7+ Kxd7 13. Rd1+ Ke8 14.
Nd4 Bxc5 15. Be3 Bxd4 16. Bxd4 Nxc2 17. Rac1 Nb4 18. Rc4 Nd5 19. b3 Kd7 20. Bb2
Rhc8 21. Rd2 Rc6 22. Rxe4 Rac8 23. Kf1 Ra6 24. a3 Rb6 25. Rd3 Ke8 26. g3 h6 27.
Ke1 Kf8 28. Kd1 Rbc6 29. h4 h5 30. Rdd4 b5 31. Rd2 Kg8 32. Red4 Kh7 33. R4d3
Kg6 34. Rd4 Kf5 35. R4d3 a6 36. Rf3+ Kg6 37. Rfd3 a5 38. Rd4 Kf5 39. R4d3 b4
40. axb4 axb4 41. Rf3+ Kg6 42. Rfd3 R8c7 43. Rd4 Kf5 44. R4d3 Kg4 45. Ke2 Kf5
46. Kd1 Rc5 47. Rf3+ Kg6 48. Rd4 Ra5 49. g4 Ra2 50. gxh5+ Kxh5 51. Bc1 Nc3+ 52.
Ke1 Ne2 0-1

[Event "CCM8 - 15. ORDIX Open"]
[Site "Mainz"]
[Date "2008.??.??"]
[Round "7"]
[White "Markowski, Tomasz"]
[Black "Nakamura, Hikaru"]
[Result "1/2-1/2"]
[WhiteElo "2606"]
[BlackElo "2697"]
[PlyCount "168"]
[EventDate "2008.??.??"]
[EventType "rapid"]
[EventRounds "11"]
[EventCountry "GER"]
[Source "Mike Rosa"]
[SourceDate "2009.01.01"]

1. g3 d6 2. Bg2 Nc6 3. c4 g6 4. Nc3 Bg7 5. d3 Bd7 6. e4 Qc8 7. h3 e5 8. Nge2
Nge7 9. Be3 f5 10. Nd5 O-O 11. Qd2 Rf7 12. Rc1 Be6 13. b3 Qd7 14. Nxe7+ Rxe7
15. exf5 gxf5 16. f4 exf4 17. Nxf4 Bf7 18. O-O Rxe3 19. Bxc6 Qe7 20. Bxb7 Re8
21. Kh2 Bh6 22. Qg2 Kh8 23. Rf3 Rg8 24. Rxe3 Qxe3 25. Rf1 Re8 26. Qb2+ Kg8 27.
Qf2 Bxf4 28. Qxf4 Qxd3 29. Rf2 Bg6 30. Bg2 Kg7 31. c5 Qe3 32. Qxe3 Rxe3 33.
cxd6 cxd6 34. Rd2 Kf7 35. Bd5+ Ke7 36. Kg2 Bh5 37. Kf2 f4 38. g4 Be8 39. Bf3
Rc3 40. g5 Bg6 41. Re2+ Kf7 42. Bg4 Rd3 43. Re6 d5 44. Rf6+ Ke7 45. Rxf4 Rd2+
46. Ke3 Rxa2 47. Ra4 Rb2 48. Rxa7+ Kd6 49. Rb7 Ke5 50. Re7+ Kd6 51. Rb7 Ke5 52.
Re7+ Kd6 53. Rb7 Rc2 54. b4 Rc3+ 55. Ke2 d4 56. Rd7+ Ke5 57. Kf2 Rb3 58. Bf3
Rxb4 59. Kg3 Bf5 60. Rd5+ Ke6 61. Rd8 Ke7 62. Rd5 Bg6 63. h4 Bf7 64. Re5+ Kd6
65. Rf5 Be6 66. Rf6 Ke5 67. Rf8 Rb3 68. Rd8 Bf7 69. Kg4 Rb1 70. Kg3 Rb3 71. Kg4
d3 72. h5 Rb4+ 73. Kg3 Rd4 74. Rxd4 Kxd4 75. Kf4 d2 76. Bd1 Kc3 77. Ke3 Be6 78.
g6 h6 79. Kf4 Kd4 80. g7 Bg8 81. Kf5 Kd5 82. Kg6 Ke5 83. Kxh6 Kf6 84. Bc2 Kf7
1/2-1/2

[Event "CCM8 - 15. ORDIX Open"]
[Site "Mainz"]
[Date "2008.??.??"]
[Round "7"]
[White "Motylev, Alexander"]
[Black "Czebe, Attila"]
[Result "1-0"]
[WhiteElo "2675"]
[BlackElo "2481"]
[PlyCount "80"]
[EventDate "2008.??.??"]
[EventType "rapid"]
[EventRounds "11"]
[EventCountry "GER"]
[Source "Mike Rosa"]
[SourceDate "2009.01.01"]

1. e4 d6 2. d4 Nf6 3. Nc3 Nbd7 4. g4 e5 5. g5 Ng8 6. Nf3 h6 7. Bc4 c6 8. dxe5
dxe5 9. Bxf7+ Kxf7 10. Nxe5+ Nxe5 11. Qxd8 Be7 12. Qc7 Nf3+ 13. Kd1 hxg5 14.
Be3 Nf6 15. Kc1 Be6 16. Bc5 Rhe8 17. Qxb7 Rab8 18. Qc7 Rbc8 19. Qa5 Bd8 20.
Qxa7+ Nd7 21. Rd1 Nfe5 22. Bd6 Kg8 23. Bxe5 Nxe5 24. Rxd8 Rcxd8 25. Qc5 Bf7 26.
b3 g4 27. Ne2 Nf3 28. Ng3 Re5 29. Qb6 Ree8 30. Kb2 Ne5 31. Qc5 Rd2 32. Kc3 Rdd8
33. a4 Nd7 34. Qg5 Nf6 35. Re1 Rd7 36. Nf5 Bd5 37. Nxg7 Rxg7 38. Qxf6 Rf8 39.
Qd6 Rf3+ 40. Re3 Be6 1-0

[Event "CCM8 - 15. ORDIX Open"]
[Site "Mainz"]
[Date "2008.??.??"]
[Round "7"]
[White "Movsesian, Sergei"]
[Black "Schneider, Ilja"]
[Result "1/2-1/2"]
[WhiteElo "2723"]
[BlackElo "2468"]
[PlyCount "101"]
[EventDate "2008.??.??"]
[EventType "rapid"]
[EventRounds "11"]
[EventCountry "GER"]
[Source "Mike Rosa"]
[SourceDate "2009.01.01"]

1. e4 c5 2. d3 Nc6 3. g3 g6 4. Bg2 Bg7 5. f4 d6 6. Nf3 Nf6 7. O-O O-O 8. h3 e5
9. Nc3 Nh5 10. Kh2 exf4 11. gxf4 f5 12. Nd5 Ne7 13. c3 Kh8 14. Nxe7 Qxe7 15. e5
dxe5 16. fxe5 Bxe5+ 17. Nxe5 Qxe5+ 18. Kg1 Bd7 19. d4 cxd4 20. cxd4 Qd6 21. d5
f4 22. Bd2 Qb6+ 23. Kh2 f3 24. Rxf3 Qd6+ 25. Kg1 Rxf3 26. Qxf3 Rf8 27. Qe3 Nf4
28. Kh1 Kg8 29. Bc3 Nxg2 30. Qd4 Kf7 31. Kxg2 Ke8 32. Bb4 Bxh3+ 33. Kh1 Qf4 34.
Re1+ Kd8 35. Ba5+ Kd7 36. Qxf4 Rxf4 37. Bc3 Bf5 38. Kh2 Be4 39. Be5 Rg4 40. d6
Bd5 41. Bg3 Be6 42. Rc1 Rc4 43. Rxc4 Bxc4 44. a3 Be6 45. Be5 g5 46. Kg3 h5 47.
Bf6 h4+ 48. Kh2 Kxd6 49. Bxg5 h3 50. Bf6 Kd5 51. Bc3 1/2-1/2

[Event "CCM8 - 15. ORDIX Open"]
[Site "Mainz"]
[Date "2008.??.??"]
[Round "7"]
[White "Naiditsch, Arkadij"]
[Black "Peng, Zhaoqin"]
[Result "1-0"]
[WhiteElo "2669"]
[BlackElo "2462"]
[PlyCount "127"]
[EventDate "2008.??.??"]
[EventType "rapid"]
[EventRounds "11"]
[EventCountry "GER"]
[Source "Mike Rosa"]
[SourceDate "2009.01.01"]

1. e4 c5 2. Nf3 Nc6 3. Bb5 e6 4. Bxc6 bxc6 5. b3 Be7 6. Bb2 f6 7. O-O Nh6 8. d4
cxd4 9. Nxd4 O-O 10. c4 c5 11. Ne2 Bb7 12. Nbc3 Qc7 13. Nb5 Qc6 14. f3 a6 15.
Nbc3 Qc7 16. Qd3 Rad8 17. Bc1 Nf7 18. f4 Nd6 19. f5 Qc6 20. Ng3 Rfe8 21. Rf2
Nf7 22. Bf4 Bd6 23. Bxd6 Nxd6 24. Rd1 Nf7 25. Nh5 Qc7 26. h4 Qe5 27. Qh3 Nh6
28. Rfd2 Bxe4 29. fxe6 Bf5 30. Qg3 Qxg3 31. Nxg3 Bxe6 32. Nge4 Bg4 33. Rc1 Nf5
34. Nxc5 Nxh4 35. Nxa6 Re3 36. Nd5 Re5 37. b4 Rde8 38. b5 Bf3 39. Nac7 Rb8 40.
Kf1 Be4 41. a4 Rf5+ 42. Ke1 Rg5 43. a5 Bxd5 44. Nxd5 Nf3+ 45. gxf3 Rg1+ 46. Kf2
Rxc1 47. a6 Ra1 48. Re2 h5 49. Re7 Ra4 50. Rxd7 Rxc4 51. a7 Ra8 52. b6 Rc2+ 53.
Kg3 Ra2 54. Rb7 Kh7 55. Nxf6+ Kg6 56. Ne4 Ra5 57. Rc7 Ra6 58. Rc6+ Kf5 59. Nd6+
Ke5 60. Nc4+ Kd5 61. Rc7 g5 62. b7 R6xa7 63. bxa8=Q+ Rxa8 64. Nb6+ 1-0

[Event "CCM8 - 15. ORDIX Open"]
[Site "Mainz"]
[Date "2008.??.??"]
[Round "7"]
[White "Prohaszka, Peter"]
[Black "Najer, Evgeniy"]
[Result "0-1"]
[WhiteElo "2509"]
[BlackElo "2680"]
[PlyCount "77"]
[EventDate "2008.??.??"]
[EventType "rapid"]
[EventRounds "11"]
[EventCountry "GER"]
[Source "Mike Rosa"]
[SourceDate "2009.01.01"]

1. d4 d5 2. c4 c6 3. Nc3 Nf6 4. Nf3 e6 5. e3 a6 6. c5 b6 7. cxb6 Nbd7 8. Bd3 c5
9. b3 Qxb6 10. O-O Bb7 11. Na4 Qa7 12. Bb2 cxd4 13. exd4 Bc6 14. Nc3 Bd6 15.
Qe2 O-O 16. Ne5 Rfc8 17. Rad1 Nf8 18. Kh1 Be8 19. f4 Bb4 20. Nb1 g6 21. Nd2 Bb5
22. a3 Bxd2 23. Qxd2 Rab8 24. Rf3 Bxd3 25. Qxd3 Ne4 26. Rff1 Qb7 27. b4 a5 28.
f5 exf5 29. g4 f6 30. gxf5 fxe5 31. dxe5 gxf5 32. e6 d4 33. Qf3 Nxe6 34. Rg1+
N6g5 35. Rdf1 Rc2 36. Bxd4 h6 37. h4 Qc7 38. Rf2 Nxf2+ 39. Bxf2 0-1

[Event "CCM8 - 15. ORDIX Open"]
[Site "Mainz"]
[Date "2008.??.??"]
[Round "8"]
[White "Bischoff, Klaus"]
[Black "Kasimdzhanov, Rustam"]
[Result "0-1"]
[WhiteElo "2545"]
[BlackElo "2679"]
[PlyCount "62"]
[EventDate "2008.??.??"]
[EventType "rapid"]
[EventRounds "11"]
[EventCountry "GER"]
[Source "Mike Rosa"]
[SourceDate "2009.01.01"]

1. c4 e6 2. Nc3 d5 3. d4 Be7 4. cxd5 exd5 5. Bf4 c6 6. e3 Bd6 7. Bg3 Ne7 8. Nf3
Nf5 9. Bd3 Nxg3 10. hxg3 Nd7 11. Qc2 Nf6 12. Bf5 Qa5 13. Bxc8 Rxc8 14. g4 Bb4
15. Nd2 g6 16. g5 Nd7 17. O-O O-O 18. a3 Bxc3 19. Qxc3 Qd8 20. f4 f6 21. Nf3
fxg5 22. Nxg5 Qe7 23. Rae1 Nf6 24. Qd3 Rce8 25. Rf3 c5 26. dxc5 Qxc5 27. Rh3
Re7 28. Qd2 Rfe8 29. Rc1 Qb6 30. Rc3 Kg7 31. Rd3 h6 0-1

[Event "CCM8 - 15. ORDIX Open"]
[Site "Mainz"]
[Date "2008.??.??"]
[Round "8"]
[White "Najer, Evgeniy"]
[Black "Buhmann, Rainer"]
[Result "1-0"]
[WhiteElo "2680"]
[BlackElo "2561"]
[PlyCount "79"]
[EventDate "2008.??.??"]
[EventType "rapid"]
[EventRounds "11"]
[EventCountry "GER"]
[Source "Mike Rosa"]
[SourceDate "2009.01.01"]

1. e4 e6 2. d4 d5 3. Nc3 Nf6 4. e5 Nfd7 5. f4 c5 6. Nf3 Nc6 7. Be3 cxd4 8. Nxd4
Bc5 9. Qd2 O-O 10. O-O-O a6 11. Nb3 b6 12. h4 Bb7 13. Rh3 Rc8 14. a3 Qe7 15.
Kb1 Rfd8 16. Qf2 Bxe3 17. Rxe3 Nc5 18. Ree1 Nxb3 19. cxb3 b5 20. b4 a5 21. f5
axb4 22. f6 gxf6 23. exf6 Qf8 24. axb4 Nxb4 25. Re5 Qh6 26. Rg5+ Kh8 27. Qf4 d4
28. Rxd4 Rxd4 29. Qxd4 Nd5 30. Nxd5 Bxd5 31. Bxb5 Rd8 32. Bc4 Re8 33. Bd3 Rg8
34. Rxg8+ Kxg8 35. Qe5 Qf8 36. g4 h6 37. g5 Qa8 38. gxh6 Qa2+ 39. Kc1 Qa1+ 40.
Bb1 1-0

[Event "CCM8 - 15. ORDIX Open"]
[Site "Mainz"]
[Date "2008.??.??"]
[Round "8"]
[White "Nakamura, Hikaru"]
[Black "Arutinian, David"]
[Result "1-0"]
[WhiteElo "2697"]
[BlackElo "2586"]
[PlyCount "71"]
[EventDate "2008.??.??"]
[EventType "rapid"]
[EventRounds "11"]
[EventCountry "GER"]
[Source "Mike Rosa"]
[SourceDate "2009.01.01"]

1. d4 d5 2. c4 e6 3. Nc3 Bb4 4. e3 c5 5. cxd5 exd5 6. a3 Bxc3+ 7. bxc3 Qc7 8.
Ra2 Ne7 9. Bd3 O-O 10. Ne2 Bf5 11. O-O Bxd3 12. Qxd3 Nbc6 13. Ng3 Rac8 14. f3
f5 15. Re1 Kh8 16. Rae2 b6 17. Nh5 Qd7 18. dxc5 bxc5 19. c4 Qe8 20. Nxg7 Kxg7
21. cxd5 Nb8 22. e4 Qg6 23. exf5 Nxf5 24. Re4 Rce8 25. Qc3+ Kf7 26. Rxe8 Rxe8
27. Rxe8 Kxe8 28. Qe5+ Kd7 29. Qxb8 Qa6 30. h4 Qd3 31. Bg5 Qxd5 32. Qd8+ Ke6
33. Qg8+ Ke5 34. Qh8+ Ke6 35. Qe8+ Kd6 36. Bf4+ 1-0

[Event "CCM8 - 15. ORDIX Open"]
[Site "Mainz"]
[Date "2008.??.??"]
[Round "8"]
[White "Nepomniachtchi, Ian"]
[Black "Horvath, Adam"]
[Result "1-0"]
[WhiteElo "2602"]
[BlackElo "2513"]
[PlyCount "79"]
[EventDate "2008.??.??"]
[EventType "rapid"]
[EventRounds "11"]
[EventCountry "GER"]
[Source "Mike Rosa"]
[SourceDate "2009.01.01"]

1. e4 c5 2. Nf3 e6 3. d4 cxd4 4. Nxd4 Nc6 5. Nc3 Qc7 6. Be3 a6 7. Qd2 Nf6 8.
O-O-O Bb4 9. f3 Ne5 10. Nb3 b5 11. Qe1 Be7 12. f4 Ng6 13. e5 Ng4 14. Ne4 O-O
15. Bd3 Bb7 16. Bd2 f6 17. h3 Nh6 18. exf6 Nxf4 19. Ba5 Nxd3+ 20. Rxd3 Qf4+ 21.
Bd2 Qxe4 22. fxe7 Rfc8 23. Bxh6 gxh6 24. Qg3+ Qg6 25. Qd6 e5 26. Qxg6+ hxg6 27.
Re1 Kf7 28. Rxd7 Bxg2 29. Rxe5 Re8 30. Re3 Rac8 31. Rd2 Bb7 32. Rf2+ Kg7 33.
Nd4 Bd5 34. Ne6+ Bxe6 35. Rxe6 Rc5 36. h4 a5 37. Rff6 g5 38. Rxh6 gxh4 39. Rxh4
Kf7 40. Rhe4 1-0

[Event "CCM8 - 15. ORDIX Open"]
[Site "Mainz"]
[Date "2008.??.??"]
[Round "8"]
[White "Shanava, Konstantine"]
[Black "Naiditsch, Arkadij"]
[Result "1/2-1/2"]
[WhiteElo "2522"]
[BlackElo "2669"]
[PlyCount "76"]
[EventDate "2008.??.??"]
[EventType "rapid"]
[EventRounds "11"]
[EventCountry "GER"]
[Source "Mike Rosa"]
[SourceDate "2009.01.01"]

1. e4 e5 2. Nf3 Nc6 3. Bc4 Nf6 4. d3 Be7 5. O-O O-O 6. Bb3 d6 7. c3 Kh8 8. Nbd2
Ng4 9. d4 f5 10. h3 fxe4 11. Nxe4 d5 12. hxg4 Bxg4 13. dxe5 dxe4 14. Qxd8 Raxd8
15. Ng5 Nxe5 16. Nxe4 Nd3 17. Bg5 Rde8 18. Bxe7 Rxe7 19. f3 Bf5 20. Bc2 Ne5 21.
Rf2 g6 22. Re1 Kg7 23. Kf1 Rfe8 24. b3 b6 25. Rfe2 h5 26. Nf2 Kf6 27. Bxf5 gxf5
28. f4 Ng6 29. Rxe7 Rxe7 30. Rxe7 Nxe7 31. c4 h4 32. Nd3 Nc6 33. Kf2 Nd4 34.
Ke3 c5 35. Ne5 Kg7 36. Nf3 Nxf3 37. Kxf3 Kh6 38. g4 hxg3 1/2-1/2

[Event "CCM8 - 15. ORDIX Open"]
[Site "Mainz"]
[Date "2008.??.??"]
[Round "8"]
[White "Szabo, Krisztian"]
[Black "Motylev, Alexander"]
[Result "0-1"]
[WhiteElo "2524"]
[BlackElo "2675"]
[PlyCount "117"]
[EventDate "2008.??.??"]
[EventType "rapid"]
[EventRounds "11"]
[EventCountry "GER"]
[Source "Mike Rosa"]
[SourceDate "2009.01.01"]

1. e4 c6 2. d4 d5 3. exd5 cxd5 4. c4 Nf6 5. Nc3 e6 6. Nf3 Nc6 7. c5 Ne4 8. Bb5
Nxc3 9. bxc3 Bd7 10. O-O Be7 11. Bf4 Ne5 12. Bxd7+ Nxd7 13. Rb1 Qc8 14. c4 dxc4
15. d5 Nxc5 16. Qd4 O-O 17. d6 Bf6 18. Qxc4 b6 19. a4 Qd7 20. a5 Rfc8 21. axb6
axb6 22. Bg3 Na4 23. Qg4 Rc5 24. Rb4 b5 25. Nd2 Nc3 26. h3 h5 27. Qf3 Rac8 28.
Re1 Rf5 29. Rf4 Qxd6 30. Rxf5 Qxd2 31. Rfe5 Bxe5 32. Rxe5 b4 33. Kh2 Qd1 34.
Qb7 Rd8 35. Qxb4 Ne2 36. h4 Qg1+ 37. Kh3 Qh1+ 38. Bh2 Rd3+ 39. Re3 Rxe3+ 40.
fxe3 Qf1 41. Bd6 Qf5+ 42. Kh2 Qg4 43. Qb8+ Kh7 44. Qb1+ f5 45. Qe1 Qc4 46. Be5
Nc1 47. Bg3 Nd3 48. Qe2 Kg6 49. Qf3 Qd5 50. Qe2 Qe4 51. Qd2 e5 52. Qa2 f4 53.
Qe6+ Kh7 54. exf4 Nxf4 55. Bxf4 Qxf4+ 56. g3 Qe4 57. Qe8 Qe2+ 58. Kh3 Qf3 59.
Kh2 0-1

[Event "CCM8 - 15. ORDIX Open"]
[Site "Mainz"]
[Date "2008.??.??"]
[Round "9"]
[White "Markowski, Tomasz"]
[Black "Bhat, Vinay S"]
[Result "1-0"]
[WhiteElo "2606"]
[BlackElo "2483"]
[PlyCount "65"]
[EventDate "2008.??.??"]
[EventType "rapid"]
[EventRounds "11"]
[EventCountry "GER"]
[Source "Mike Rosa"]
[SourceDate "2009.01.01"]

1. g3 d5 2. Nf3 c6 3. Bg2 Bg4 4. O-O Nd7 5. d3 e6 6. h3 Bh5 7. c4 Bd6 8. cxd5
cxd5 9. Nc3 Ngf6 10. e4 O-O 11. exd5 Nxd5 12. Nxd5 exd5 13. Qb3 Qb6 14. Qxd5
Nf6 15. Qd4 Bc5 16. Qh4 Rad8 17. d4 Be7 18. Re1 Rfe8 19. Bg5 Bg6 20. Ne5 h6 21.
Be3 Bh7 22. b3 Qa6 23. Bf1 Qd6 24. Bc4 Nd5 25. Qh5 Rf8 26. Rad1 a6 27. a4 b5
28. axb5 axb5 29. Bxb5 Nc3 30. Bc4 g6 31. Qxh6 Nxd1 32. Nxf7 Nxe3 33. Ng5+ 1-0

[Event "CCM8 - 15. ORDIX Open"]
[Site "Mainz"]
[Date "2008.??.??"]
[Round "9"]
[White "Motylev, Alexander"]
[Black "Najer, Evgeniy"]
[Result "1/2-1/2"]
[WhiteElo "2675"]
[BlackElo "2680"]
[PlyCount "27"]
[EventDate "2008.??.??"]
[EventType "rapid"]
[EventRounds "11"]
[EventCountry "GER"]
[Source "Mike Rosa"]
[SourceDate "2009.01.01"]

1. e4 e5 2. Nf3 Nc6 3. Nc3 Nf6 4. d4 exd4 5. Nxd4 Bb4 6. Nxc6 bxc6 7. Bd3 d5 8.
exd5 O-O 9. O-O cxd5 10. Bg5 c6 11. Qf3 h6 12. Bxf6 Qxf6 13. Qxf6 gxf6 14. Ne2
1/2-1/2

[Event "CCM8 - 15. ORDIX Open"]
[Site "Mainz"]
[Date "2008.??.??"]
[Round "9"]
[White "Naiditsch, Arkadij"]
[Black "Meier, Georg"]
[Result "1/2-1/2"]
[WhiteElo "2669"]
[BlackElo "2556"]
[PlyCount "119"]
[EventDate "2008.??.??"]
[EventType "rapid"]
[EventRounds "11"]
[EventCountry "GER"]
[Source "Mike Rosa"]
[SourceDate "2009.01.01"]

1. e4 e6 2. d4 d5 3. Nc3 dxe4 4. Nxe4 Nd7 5. Nf3 Ngf6 6. Bg5 Be7 7. Nxf6+ Bxf6
8. h4 O-O 9. Bd3 c5 10. Qe2 cxd4 11. O-O-O e5 12. Kb1 Re8 13. Bxf6 Nxf6 14.
Nxe5 Qd5 15. Rde1 Be6 16. b3 Qa5 17. a4 a6 18. g4 Nd5 19. Nc4 Qb4 20. Qe5 b5
21. Nd6 Nc3+ 22. Kc1 Red8 23. Nf5 Bxf5 24. gxf5 Qd6 25. Qxd6 Rxd6 26. a5 Kf8
27. Re5 Re8 28. Rc5 Ne4 29. Bxe4 Rxe4 30. h5 h6 31. Rd1 Ke7 32. Rd3 Kf6 33. Kd2
Re5 34. Rxe5 Kxe5 35. Rg3 Kf6 36. Kd3 Rd5 37. f4 Rxf5 38. Kxd4 Rxh5 39. c4 bxc4
40. bxc4 Rxa5 41. c5 Ra1 42. c6 Rc1 43. Kd5 g6 44. Kd6 h5 45. c7 Rd1+ 46. Kc6
Rc1+ 47. Kb7 Kf5 48. Ra3 h4 49. Rxa6 Rxc7+ 50. Kxc7 h3 51. Ra1 Kxf4 52. Rf1+
Kg3 53. Rxf7 g5 54. Kd6 g4 55. Ke5 Kg2 56. Kf4 h2 57. Rh7 g3 58. Kg4 Kf2 59.
Rh8 Kg2 60. Rh7 1/2-1/2

[Event "CCM8 - 15. ORDIX Open"]
[Site "Mainz"]
[Date "2008.??.??"]
[Round "9"]
[White "Nepomniachtchi, Ian"]
[Black "Eljanov, Pavel"]
[Result "1/2-1/2"]
[WhiteElo "2602"]
[BlackElo "2716"]
[PlyCount "130"]
[EventDate "2008.??.??"]
[EventType "rapid"]
[EventRounds "11"]
[EventCountry "GER"]
[Source "Mike Rosa"]
[SourceDate "2009.01.01"]

1. e4 e5 2. Nf3 Nc6 3. Bc4 Bc5 4. c3 Nf6 5. d3 a6 6. h3 O-O 7. Bb3 d5 8. exd5
Nxd5 9. O-O Nb6 10. Re1 h6 11. Be3 Bxe3 12. Rxe3 Nd5 13. Bxd5 Qxd5 14. Nbd2 Bf5
15. Qb3 Qxb3 16. Nxb3 f6 17. d4 exd4 18. Nfxd4 Nxd4 19. Nxd4 Bd7 20. Re7 Rf7
21. Rae1 Rxe7 22. Rxe7 Rd8 23. f3 Kf8 24. Re2 Kf7 25. Kf2 c5 26. Nb3 b6 27. Rd2
Ke7 28. Na1 Be6 29. Rxd8 Kxd8 30. a3 Bf5 31. Nb3 Kd7 32. Ke3 g5 33. Nd2 Be6 34.
Nf1 Kd6 35. Nd2 Ke5 36. Ne4 f5 37. Nf2 f4+ 38. Kd2 h5 39. Ne4 g4 40. hxg4 hxg4
41. Nf2 gxf3 42. gxf3 Bd5 43. Ke2 Bc4+ 44. Ke1 a5 45. Kd2 Bd5 46. Ke2 Kf5 47.
Ng4 Bc4+ 48. Kd2 Ba6 49. Nf2 Bb7 50. Ke2 Bc6 51. Ng4 Bb5+ 52. Kd2 Be8 53. Nf2
Bf7 54. Ke2 Bb3 55. Ng4 Bc2 56. Nf2 Bb1 57. Kd2 Ke5 58. Nd3+ Kf5 59. Nf2 Ba2
60. Ke2 Bc4+ 61. Kd2 a4 62. Ng4 Ke6 63. Nf2 Bf1 64. Ke1 Bc4 65. Kd2 Ke5 1/2-1/2